Física para la vida I : (Registro nro. 10082)

Detalles MARC
000 -LIDER
fixed length control field 01469nam a2200313 a 4500
001 - NÚMERO DE CONTROL
Identificador de número de control 0044467
003 - IDENTIFICACDOR DE NÚMERO DE CONTROL
control field DO-SdBNP
005 - DATE AND TIME OF LATEST TRANSACTION
control field 20180313142151.0
007 - CAMPOS FIJOS DE DESCRIPCIÓN FÍSICA
fixed length control field 0044467
008 - ELEMENTOS DE LONGITUD FIJA
fixed length control field 140702s2014 dr ac 000 0 spa d
020 ## - ISBN
International Standard Book Number 9789945472370
040 ## - FUENTE DE CATALOGACIÓN
Agencia que crea de manera original el registro BPMSU
Idioma de catalogación spa
Agencia que realiza la transcripción BPMSU
082 04 - NÚMERO DE CLASIFICACIÓN DECIMAL DE DEWEY
Classification number 378.53
Item number V978f 2014
100 1# - ASIENTO PRINCIPAL -- NOMBRE PERSONAL
Nombre personal Vranes, Velicko
245 10 - MENCIÓN DE TITULO
Título Física para la vida I :
Subtítulo prácticas de laboratorio /
Mención de responsabilidad Velicko Vranes
260 ## - PUBLICACIÓN, DISTRIBUCIÓN, ETC. (PIE DE IMPRENTA)
Lugar de publicación, distribución, etc Santo Domingo :
Nombre del editor, distribuidor, etc. INTEC,
Fecha de publicación, distribución, etc 2014
300 ## - DESCRIPCIÓN FÍSICA
Extensión 110 p. :
Otros detalles físicos il. ;
Dimensiones 28 cm.
504 ## - NOTA DE BIBLIOGRAFÍA, ETC.
Bibliography, etc Referencias bibliográficas : p. 109
505 0# - NOTA DE CONTENIDO
Título Introducción a las medidas físicas y las teorías de los errores --
-- Medición directa e indirecta --
-- Conociendo el equipo PASCO --
-- Caída libre. Tiempo de reacción --
-- Plano inclinado. Aceleración constante --
-- La ley de Elasticidad de Hooke. Fuerza de muelle --
-- Energía potencial gravitacional --
-- Trabajo y energía --
-- Equilibrio --
-- Modelo mecánico del brazo humano --
-- Principio de Arquímedes --
-- Ley de enfriamiento de Newton.
650 #4 - ENCABEZAMIENTO DE MATERIA--TEMÁTICO
Término temático o nombre geográfico como elemento de entrada FÍSICA MÉDICA
Subdivisión temática general MANUALES DE LABORATORIO
650 #4 - ENCABEZAMIENTO DE MATERIA--TEMÁTICO
Término temático o nombre geográfico como elemento de entrada FÍSICA
Subdivisión temática general EDUCACIÓN SUPERIOR
650 #4 - ENCABEZAMIENTO DE MATERIA--TEMÁTICO
Término temático o nombre geográfico como elemento de entrada FÍSICA
Subdivisión temática general ENSEÑANZA SUPERIOR
650 #4 - ENCABEZAMIENTO DE MATERIA--TEMÁTICO
Término temático o nombre geográfico como elemento de entrada EDUCACIÓN SUPERIOR
Subdivisión geográfica REPÚBLICA DOMINICANA
710 2# - ASIENTO SECUNDARIO -- NOMBRE CORPORATIVO
Término de relación Instituto Tenológico de Santo Domingo
910 ## - VALIDACIÓN
Validación Validado. Control de calidad MFF
942 ## - ADDED ENTRY ELEMENTS (KOHA)
Source of classification or shelving scheme Dewey Decimal Classification
Koha item type Libros
945 ## - INFORMACIÓN DE PROCESAMIENTO LOCAL
Información de procesamiento local Remanejado para la BNPHU / 2018 BT
956 ## - LOCAL ELECTRONIC LOCATION AND ACCESS (OCLC)
Nombre de host VMATEO
Número de acceso 10
Información de compresión 20160511
Inicio de sesión BPMSU
Procesador de solicitud 0069
Existencias
Withdrawn status Lost status Source of classification or shelving scheme Damaged status Not for loan Collection code Home library Current library Date acquired Source of acquisition Total Checkouts Full call number Barcode Date last seen Price effective from Koha item type
    Dewey Decimal Classification     Colección Escolar Biblioteca Pública Metropolitana Salomé Ureña Biblioteca Pública Metropolitana Salomé Ureña 05/11/2016 Donación   378.53 V978f 2014 BPMSU6050237 05/11/2016 05/11/2016 Libros